000 00495nam a2200157 4500
999 _c5311
_d5311
008 161020b xxu||||| |||| 00| 0 eng d
022 _a 9770118389007
082 _aDPer 641.05 F73 Mar-Nov 2012
100 _916452
_aSantos, Pixie Sevilla
245 _aWeighing in to lose weight/
_cPixie Sevilla Santos.
260 _aQuezon City:
_bABS CBN Publishing, Inc.,
_c©2012.
300 _apages 80-81;
_c30 cm.
500 _aFood.
650 0 _916453
_aFood
_xLose weight
942 _2ddc
_cPER